| 000 | 00575nam a22001937a 4500 | ||
|---|---|---|---|
| 003 | CEME | ||
| 005 | 20210628203053.0 | ||
| 008 | 210201b xxu||||| |||| 00| 0 eng d | ||
| 020 | _a9781405120319 | ||
| 040 | _c. | ||
| 082 | _a343.07862 BUN | ||
| 100 |
_aBunni, Nael G _926548 |
||
| 245 | _aThe fidic forms of contract | ||
| 250 | _a3RD | ||
| 260 |
_aLONDON _bBLACKWELL _c2005 |
||
| 300 | _aXXVI,843P | ||
| 650 |
_aENGINEERING CONTRACTS . STANDARDIZED TERMS OF CONTRACT.FIDIC FORM OF CONTRACT.INTERNATIONAL FEDERATION OF CONSULTING ENGINEERS _963150 |
||
| 942 |
_cBK _2ddc |
||
| 999 |
_c572063 _d572063 |
||